00000000nam##2200000za#4500
0019.576769
003CaOODSP
00520210624185309
007cr |||||||||||
008150406|2000||||xxc|||||o    f|0| 0 eng|d
040 |aCaOODSP|beng
043 |an-cn---
0861 |aSC91-4/2000E-PDF
1101 |aCanada.|bCanadian Centre for Management Development.
24510|aSeattle : |h[electronic resource]|bthe lessons for future governance / |c[by] Pierre S. Pettigrew.
260 |aOttawa - Ontario : |bCanadian Centre for Management Development |c2000.
300 |a34p.
4901 |aJohn L. Manion lecture
500 |aCatalogue number and ISBN for the print edition appear in this electronic version.
590 |a13-15-Supp|b2013-06-24
69007|aExternal relations|2gcpds
69007|aGlobalization|2gcpds
69007|aTrade relations|2gcpds
77508|tSeattle : |w(CaOODSP)9.605754
830#0|aJohn L. Manion Lecture.|w(CaOODSP)9.504714
85640|ahttp://publications.gc.ca|qPDF|s175 KB|uhttps://publications.gc.ca/collections/Collection/SC91-4-2000E.pdf